00976 2200361 4500001002100000005001500021035002000036007000300056008004100059040001700100100001600117245004100133250001000174300003500184504002600219020001800245041001700263082000800280084001400288090001900302260003500321600002100356650001100377850001000388990002700398990002700425990002700452990002700479990002700506990002700533990002700560990002700587INLIS00000000000307320260529083913 a0010-0321000036ta260529 0  aSPPUPADbind0 aAbdul Chaer1 aTata Bahasa Praktis Bahasa Indonesia aCet.2 axi, 402 hlm. :bilus. ;c23 cm aBibliografi, hlm 403 a979-518-737-60 aSPPUPADbind a415 a415 ABD t a415 ABD t 14-8 aJakarta :bRineka Cipta,c2006 4aBahasa Indonesia 4aBahasa aPUPAD a12574/H/ARPUS-PDG/2007 a12575/H/ARPUS-PDG/2007 a3595/Br/ARPUS-PDG/2007 a3594/Br/ARPUS-PDG/2007 a3593/Br/ARPUS-PDG/2007 a3592/Br/ARPUS-PDG/2007 a3591/Br/ARPUS-PDG/2007 a3592/Br/ARPUS-PDG/2007